[Event "Trophee Roza Lallemand Online"]
[Site "Tornelo INT"]
[Date "2020.12.13"]
[Round "9"]
[White "Samy, Valerie"]
[Black "Peyre, Camille"]
[Result "1-0"]
[WhiteElo "1530"]
[BlackElo "1922"]
[PlyCount "49"]
[EventDate "2020.12.13"]
[EventType "swiss (rapid)"]
[EventRounds "9"]
[EventCountry "USA"]
[SourceTitle "EXT 2022"]
[Source "ChessBase"]
[SourceDate "2021.10.06"]
[SourceVersion "1"]
[SourceVersionDate "2021.10.06"]
[SourceQuality "1"]

1. f3 d5 2. e4 d4 3. Bc4 e5 4. d3 Nc6 5. f4 Bd6 6. fxe5 Nxe5 7. Bb3 Qh4+ 8. g3 Qf6 9. Bf4 Ne7 10. Nd2 N7g6 11. Ne2 Bg4 12. h3 Bxe2 13. Qxe2 Nxf4 14. gxf4 Qxf4 15. 0-0-0 a5 16. Kb1 a4 17. Rdf1 Qh4 18. Bc4 a3 19. Bb3 axb2 20. Nf3 Nxf3 21. Qxf3 f6 22. Qf5 b6 23. Qe6+ Kd8 24. Bd5 Rxa2 25. Kxa2 1-0